000 00918nam a2200277 a 4500
001 24343
003 CO-ViMGA
008 141112s2004 ck r 000 u spa d
020 _a9786074000238
040 _aCO-ViMGA
_bspa
_cCO-ViMGA
041 _aSPA
090 _aA SPA2
100 1 _aSpang, Monika
_935645
245 1 0 _aEl gran bostezo /
_cMonika Spang y Sonja Bougaeva ; traducción de Gonzálo Vélez
250 _a1a ed.
260 _aMéxico :
_bOcéano Travesía,
_c2009
300 _a32 p. : il. col.
500 _aTítulo original de la obra : Das grosse gõhnen
650 1 4 _aANIMALES DE ZOOLOGICO - LIBROS DE IMAGENES
_935646
650 1 4 _aJUEGOS DE PALABRAS - LIBROS DE IMAGENES
_935647
650 1 4 _aLEER ES MI CUENTO - COLECCION 2011
_935648
650 1 4 _aZOOLOGICOS - LIBROS DE IMAGENES
_935649
700 1 _aBougaeva, Sonja
_935650
700 1 _aVélez, Gonzálo
_935651
942 _2ddc
_cBK
999 _c2240
_d2240